| 000 | 00676nam a2200193 a 4500 | ||
|---|---|---|---|
| 001 | 000141477 | ||
| 003 | AM-YEHGA | ||
| 005 | 20250617122920.0 | ||
| 008 | 030329s1976 ||||||||||||||||||||rus d | ||
| 040 | _aAM-YeHGA | ||
| 100 | 1 | _aГалахова, Ольга Петровна | |
| 245 | 1 | 0 |
_aОсновы фазометрии / _cО.П. Галахова и др. |
| 260 |
_aЛенинград : _bЭнергия, _c1976. |
||
| 300 | _a256 с. | ||
| 650 | 1 | 4 | _aЭлектроизмерительная техника |
| 700 | 1 | _aКолтик, Евгений Дмитриевич | |
| 700 | 1 | _aКравченко, Святослав Анатольевич | |
| 090 | _c48287 | ||
| 999 |
_c47530 _d47530 |
||